| 000 | 00709nam a22001937a 4500 | ||
|---|---|---|---|
| 005 | 20240501165835.0 | ||
| 010 | _aHIN-127442 | ||
| 020 |
_c650.000 _a9788195733859 |
||
| 035 | _aHN-99788 | ||
| 037 | _bDBAD | ||
| 082 | _aउ | ||
| 100 |
_aचतुरसेन, आचार्य _965424 |
||
| 245 |
_aवयं रक्षाम:/ _cआचार्य चतुरसेन |
||
| 250 | _aप्रथम | ||
| 260 |
_aदिल्ली _bअंगूर प्रकाशन _c2022 |
||
| 270 |
_aसी -709, गणेश नगर-II, शकरपुर , _bदिल्ली _e110092 |
||
| 300 |
_a412पृ. _c22सेमी (अजिल्द) |
||
| 942 |
_2ddc _cHN _hउ _mचतुर |
||
| 999 |
_c202521 _d202521 |
||